مكتبة جامعة عجلون الوطنية

فهرس بحث المكتبة

أثر التحول الرقمي في المصارف الإسلامية على ربحية المصارف الإسلامية – دراسة تطبيق على المصارف الإسلامية الأردنية = The Impact of Digital Transformation in Islamic Banks on Their Profitability - an Application Study on Jordanian Islamic Banks / (Record no. 33906)

MARC details
000 -LEADER
fixed length control field 01342nam a22002057a 4500
003 - CONTROL NUMBER IDENTIFIER
control field JO-AjAnu
005 - DATE AND TIME OF LATEST TRANSACTION
control field 20250323100510.0
008 - FIXED-LENGTH DATA ELEMENTS--GENERAL INFORMATION
fixed length control field 250316b jo ||||| |||| 00| 0 ara d
040 ## - CATALOGING SOURCE
Original cataloging agency JO-AjAnu
Language of cataloging ara
Transcribing agency JO-AjAnu
Modifying agency JO-AjAnu
Description conventions rda
041 ## - LANGUAGE CODE
Language code of text/sound track or separate title ara
Language code of original ara
050 ## - LIBRARY OF CONGRESS CALL NUMBER
Classification number BP173.758
Item number 2025
100 #1 - MAIN ENTRY--PERSONAL NAME
Personal name القضاة، ياسمين مفلح علي
Relator term معد
9 (RLIN) 66526
245 #0 - TITLE STATEMENT
Title أثر التحول الرقمي في المصارف الإسلامية على ربحية المصارف الإسلامية – دراسة تطبيق على المصارف الإسلامية الأردنية = The Impact of Digital Transformation in Islamic Banks on Their Profitability - an Application <br/> Study on Jordanian Islamic Banks<br/> / <br/>
Statement of responsibility, etc. اعداد ياسمين مفلح علي القضاة ؛ اشراف محي الدين يعقوب ابو الهول
260 ## - PUBLICATION, DISTRIBUTION, ETC.
Date of publication, distribution, etc. 2025
300 ## - PHYSICAL DESCRIPTION
Extent 80 ورقة
504 ## - BIBLIOGRAPHY, ETC. NOTE
Bibliography, etc. note رسالة جامعية ( رسالة ماجستير في المصارف الاسلامية) - جامعة عجلون الوطنية، (عجلون، الاردن) - كلية الاعمال، قسم المصارف الاسلامية، 2025.
650 #0 - SUBJECT ADDED ENTRY--TOPICAL TERM
Topical term or geographic name entry element المصارف الاسلامية - الارباح - التحول الرقمي.
9 (RLIN) 66527
700 #1 - ADDED ENTRY--PERSONAL NAME
Personal name ابو الهول، محي الدين يعقوب
9 (RLIN) 64950
Relator term مشرف
942 ## - ADDED ENTRY ELEMENTS (KOHA)
Source of classification or shelving scheme Library of Congress Classification
Koha item type Thesis
Suppress in OPAC No
Holdings
Withdrawn status Lost status Source of classification or shelving scheme Damaged status Not for loan Home library Current library Date acquired Total Checkouts Full call number Barcode Date last seen Price effective from Koha item type
    Library of Congress Classification     مكتبة جامعة عجلون الوطنية مكتبة جامعة عجلون الوطنية 16/03/2025   BP173.758 2025 a30184 16/03/2025 16/03/2025 Thesis
    Library of Congress Classification     مكتبة جامعة عجلون الوطنية مكتبة جامعة عجلون الوطنية 16/03/2025   BP173.758 2025 a30185 16/03/2025 16/03/2025 Thesis